Estudios Histórico Bibliográficos
Salvato in:
| Autore principale: | |
|---|---|
| Natura: | Libro |
| Lingua: | spagnolo |
| Pubblicazione: |
Santiago, Chile
Imprenta Cervantes
1911
|
| Edizione: | Segunda edición |
| Serie: | Obras Completas de Barros Arana,
6, 7, 8, 9, 10, 11 |
| Soggetti: | |
| Tags: |
Aggiungi Tag
Nessun Tag, puoi essere il primo ad aggiungerne!!
|
MARC
| LEADER | 00000nam a2200000 a 4500 | ||
|---|---|---|---|
| 001 | UCJ7897 | ||
| 003 | CL-VaPUC | ||
| 005 | 20250121152149.0 | ||
| 008 | 070124e19110000CL |||||||||||||||||spa|d | ||
| 999 | |c 323761 |d 323759 | ||
| 040 | |c Pontificia Universidad Católica de Valparaíso | ||
| 082 | 0 | 4 | |a 983 BAR 1911 |2 21 |
| 100 | 0 | |a Barros Arana, Diego Jacinto Agustín |9 516384 | |
| 245 | 1 | 0 | |a Estudios Histórico Bibliográficos |
| 250 | |a Segunda edición | ||
| 260 | 0 | 3 | |a Santiago, Chile |b Imprenta Cervantes |c 1911 |
| 300 | |a 9 volúmenes. | ||
| 490 | 0 | |a Obras Completas de Barros Arana, |v 6, 7, 8, 9, 10, 11 | |
| 583 | |a last modification |c 20190729 02:15:20 |k Rodrigo Vera | ||
| 600 | 0 | 7 | |a COLON, CRISTOBAL |2 CL-VaPUC |9 265189 |
| 600 | 0 | 7 | |a MAGALLANES, HERNANDO DE |2 CL-VaPUC |9 368786 |
| 600 | 0 | 7 | |a PIGAFETTA, ANTONIO DE |2 CL-VaPUC |9 516385 |
| 600 | 0 | 7 | |a ELCANO, JUAN SEBASTIAN |2 CL-VaPUC |9 446315 |
| 600 | 0 | 7 | |a HERRERA, ANTONIO DE |2 CL-VaPUC |9 342308 |
| 600 | 0 | 7 | |a VALDIVIA, PEDRO DE |2 CL-VaPUC |9 317024 |
| 600 | 0 | 7 | |a ORTIZ DE GAETE, MARINA |2 CL-VaPUC |9 507256 |
| 600 | 0 | 7 | |a PASTENE, JUAN BAUTISTA |2 CL-VaPUC |9 448728 |
| 600 | 0 | 7 | |a TRIBALDOS DE TOLEDO, LUIS |2 CL-VaPUC |9 516386 |
| 600 | 0 | |a Molina, Cristóbal de, |d 1529-1585 |9 516387 | |
| 600 | 0 | 7 | |a TESILLO, SANTIAGO |2 CL-VaPUC |9 516388 |
| 600 | 0 | 7 | |a ERAUSO, CATALINA DE |2 CL-VaPUC |9 508326 |
| 600 | 0 | 7 | |a MONJA ALFEREZ |2 CL-VaPUC |9 515185 |
| 600 | 0 | 7 | |a TELL, GUILLERMO |2 CL-VaPUC |9 494023 |
| 600 | 0 | 7 | |a HUMBOLDT, ALEJANDRO DE |2 CL-VaPUC |9 516389 |
| 600 | 0 | 7 | |a ANSART, ERNESTO |2 CL-VaPUC |9 508801 |
| 600 | 0 | 7 | |a PEREZ, JERONIMO |2 CL-VaPUC |9 516390 |
| 600 | 0 | 7 | |a BROUWER, HENRY |2 CL-VaPUC |9 505752 |
| 600 | 0 | |a Moraleda y Montero, José de, |d 1750-1810 |9 516391 | |
| 600 | 0 | |a Gay, Claudio, |e 1800-1873 |9 435569 | |
| 600 | 0 | 7 | |a VENDEL HEYL, ANTONIO |2 CL-VaPUC |9 516392 |
| 600 | 0 | 7 | |a POEPPIG, EDUARDO FEDERICO |2 CL-VaPUC |9 516393 |
| 600 | 0 | 7 | |a LE FEBURE DE FOURCY, LUIS |2 CL-VaPUC |9 516394 |
| 600 | 0 | 7 | |a BRIDGES, THOMAS |2 CL-VaPUC |9 516395 |
| 600 | 0 | 7 | |a DEZOS DE LA ROQUETTE, JUAN BERNARDO MARIA ALEJANDRO |2 CL-VaPUC |9 516396 |
| 650 | 0 | |a Historia de Chile |9 265473 | |
| 650 | 0 | |a Biografías |9 255210 | |
| 650 | 0 | |a Bibliografías |9 257071 | |
| 650 | 0 | |a Historiografía |9 257871 | |
| 650 | 7 | |a CRONISTAS DE INDIAS |2 CL-VaPUC |9 315510 | |
| 650 | 0 | |a Crítica literaria |9 269189 | |
| 650 | 0 | |a Desarrollo económico y social |9 256320 | |
| 650 | 0 | |a Descubrimientos geográficos |9 331933 | |
| 650 | 7 | |a HISTORIA NAUTICA |2 CL-VaPUC |9 328924 | |
| 650 | 0 | |a Expediciones científicas |9 265222 | |
| 650 | 0 | |a Jesuitas |9 268366 | |
| 651 | 0 | |a América Latina |9 255027 | |
| 651 | 7 | |a CHILE |2 CL-VaPUC |9 516397 | |
| 942 | |c BK |2 ddc | ||
| 945 | |d 20070124 00:00:00 |a rinostro | ||
| 952 | |0 0 |1 0 |2 ddc |4 0 |6 983_000000000000000_BAR_1911 |7 0 |8 X |9 403547 |a FDOBUD |b FDOBUD |d 2019-11-22 |i 1019538 |o 983 BAR 1911 |p 1019538 |r 2019-11-22 |t 1 |w 2019-11-22 |y BK_X |k BUD | ||
| 952 | |0 0 |1 0 |2 ddc |4 0 |6 983_000000000000000_BAR_1911 |7 0 |8 X |9 403548 |a FDOBUD |b FDOBUD |d 2019-11-22 |i 1019546 |o 983 BAR 1911 |p 1019546 |r 2019-11-22 |t 2 |w 2019-11-22 |y BK_X |k BUD | ||
| 952 | |0 0 |1 0 |2 ddc |4 0 |6 983_000000000000000_BAR_1911 |7 0 |8 X |9 403549 |a FDOBUD |b FDOBUD |d 2019-11-22 |i 1019554 |o 983 BAR 1911 |p 1019554 |r 2019-11-22 |t 3 |w 2019-11-22 |y BK_X |k BUD | ||
| 952 | |0 0 |1 0 |2 ddc |4 0 |6 983_000000000000000_BAR_1911 |7 0 |8 X |9 403550 |a FDOBUD |b FDOBUD |d 2019-11-22 |i 1019562 |o 983 BAR 1911 |p 1019562 |r 2019-11-22 |t 4 |w 2019-11-22 |y BK_X |k BUD | ||
| 952 | |0 0 |1 0 |2 ddc |4 0 |6 983_000000000000000_BAR_1911 |7 0 |8 X |9 403551 |a FDOBUD |b FDOBUD |d 2019-11-22 |i 1070096 |o 983 BAR 1911 |p 1070096 |r 2019-11-22 |t 5 |w 2019-11-22 |y BK_X |k BUD | ||
| 952 | |0 0 |1 0 |2 ddc |4 0 |6 983_000000000000000_BAR_1911 |7 0 |8 X |9 403552 |a FDOBUD |b FDOBUD |d 2019-11-22 |i 1019589 |o 983 BAR 1911 |p 1019589 |r 2019-11-22 |t 6 |w 2019-11-22 |y BK_X |k BUD | ||
| 952 | |0 0 |1 0 |2 ddc |4 0 |6 983_000000000000000_BAR_1911 |7 0 |8 X |9 403553 |a FDOBUD |b FDOBUD |d 2019-11-22 |i 1019570 |o 983 BAR 1911 |p 1019570 |r 2019-11-22 |t 7 |w 2019-11-22 |y BK_X |k BUD | ||
| 952 | |0 0 |1 0 |2 ddc |4 0 |6 983_000000000000000_BAR_1911 |7 0 |8 X |9 403554 |a FDOBUD |b FDOBUD |d 2019-11-22 |i 1019597 |o 983 BAR 1911 |p 1019597 |r 2019-11-22 |t 8 |w 2019-11-22 |y BK_X |k BUD | ||
| 952 | |0 0 |1 0 |2 ddc |4 0 |6 983_000000000000000_BAR_1911 |7 0 |8 X |9 403555 |a FDOBUD |b FDOBUD |d 2019-11-22 |i 1070118 |o 983 BAR 1911 |p 1070118 |r 2019-11-22 |t 9 |w 2019-11-22 |y BK_X |k BUD | ||